| 000 | 01373cam a22003735a 4500 | ||
|---|---|---|---|
| 999 |
_c22486 _d22458 |
||
| 001 | 15580951 | ||
| 003 | EG-ScBUE | ||
| 005 | 20210508101223.0 | ||
| 008 | 090109r20081987enk f bd f001 0 eng d | ||
| 020 | _a9780199552092 (pbk.) | ||
| 035 | _a(OCoLC)ocn231883621 | ||
| 040 |
_aUKM _beng _erda _cUKM _dBWK _dOCLCG _dCDX _dDLC _dEG-ScBUE |
||
| 082 | 0 | 4 |
_a821.1 _bCHA _222 |
| 100 | 1 |
_aChaucer, Geoffrey, _d-1400, _eauthor. _941393 |
|
| 240 | 1 | 0 |
_aWorks. _f1987 |
| 245 | 1 | 4 |
_aThe Riverside Chaucer / _cgeneral editor, Larry D. Benson, Harvard University. |
| 250 | _aThird edition. | ||
| 264 | 1 |
_aOxford : _bOxford University Press, _c2008. |
|
| 300 |
_axliii, 1327 pages ; _c21 cm |
||
| 336 |
_2rdacontent _atext _btxt |
||
| 337 |
_2rdamedia _aunmediated _bn |
||
| 338 |
_2rdacarrier _avolume _bnc |
||
| 500 | _a"Based on The works of Geoffrey Chaucer, edited by F.N. Robinson." | ||
| 500 | _aIncludes glossary. | ||
| 504 | _aIncludes bibliographical references and index. | ||
| 600 | 1 | 7 |
_aChaucer, Geoffrey, -- -1400 _xCriticism and interpretation. _2BUEsh _941393 |
| 650 | 7 |
_aEnglish literature _yMiddle English, 1100-1500. _2BUEsh |
|
| 650 | 7 |
_aChristian pilgrims and pilgrimages _vPoetry. _2BUEsh |
|
| 651 | _2BUEsh | ||
| 653 |
_bHHUUEENN _cOctober2016 |
||
| 655 |
_vReading book _934232 |
||
| 700 | 1 |
_aBenson, Larry Dean _d1929- _eeditor. _941396 |
|
| 942 |
_2ddc _cBB |
||